| 000 | 00000nam 2200000zi 4500 |
| 001 | 9.922182 |
| 003 | CaOODSP |
| 005 | 20230502161926 |
| 006 | m o d f |
| 007 | cr |n |||||||| |
| 008 | 230502s1995 onca o f100 0|fre d |
| 040 | |aCaOODSP|bfre|erda|cCaOODSP |
| 041 | |afre|aeng |
| 043 | |an-cn--- |
| 086 | 1 |aIu81-3/16-1995-PDF |
| 245 | 00|aSeminar proceedings : |bInternational Seminar on Standards for Global Connections, June 8 & 9, 1995, Ottawa = Compte rendu du colloque : Colloque international sur la normalisation des connexions mondiales 8 et 9 juin 1995, Ottawa. |
| 246 | 11|aCompte rendu du colloque : |bColloque international sur la normalisation des connexions mondiales 8 et 9 juin 1995, Ottawa |
| 264 | 1|a[Ottawa] : |bIndustry Canada = Industrie Canada, |c[1995] |
| 300 | |a1 ressource en ligne (1 volume (en pagination multiple)) : |billustrations |
| 336 | |atexte|btxt|2rdacontent/fre |
| 337 | |ainformatique|bc|2rdamedia/fre |
| 338 | |aressource en ligne|bcr|2rdacarrier/fre |
| 500 | |aÉdition numérisée de l'imprimé [par Innovation, Sciences et Développement économique Canada]. |
| 546 | |aTexte en français et en anglais. |
| 650 | 6|aTechnologie de l'information|vCongrès. |
| 650 | 6|aTelecommunications|xNormes|vCongrès. |
| 650 | 6|aCommunication internationale|vCongrès. |
| 655 | 7|aActes de congrès|2rvmgf |
| 710 | 1 |aCanada. |bIndustrie Canada, |eorganisme de publication. |
| 791 | |tSeminar proceedings : |eeng|w(CaOODSP)9.892839 |
| 856 | 40|qPDF|s2.52 Mo|uhttps://publications.gc.ca/collections/collection_2023/isde-ised/Iu81-3-16-1995.pdf |